| Tag |
First Indicator |
Second Indicator |
Subfields |
| LEADER |
00000cam a2200000 i 4500 |
| 001 |
in00000033916 |
| 005 |
20151007063345.0 |
| 008 |
780420s1909 fr 00011 fre d |
| 035 |
|
|
|a (OCoLC)03816873
|
| 035 |
|
|
|9 AAD7206AM
|
| 040 |
|
|
|a SDA
|c SDA
|d TXA
|d UtOrBLW
|
| 049 |
|
|
|a TXAM
|c [41690]
|
| 090 |
|
|
|a PQ2163
|b .C3 1909
|
| 092 |
|
|
|a 843
|b B19ce
|
| 100 |
1 |
|
|a Balzac, Honoré de,
|d 1799-1850.
|
| 245 |
1 |
0 |
|a Cesar Birotteau /
|c by Honore de Balzac ; edited by Wilhelmine E. Delp.
|
| 264 |
|
1 |
|a Oxford :
|b Clarendon Press,
|c 1909.
|
| 300 |
|
|
|a 253 pages ;
|c 19 cm.
|
| 336 |
|
|
|a text
|b txt
|2 rdacontent
|
| 337 |
|
|
|a unmediated
|b n
|2 rdamedia
|
| 338 |
|
|
|a volume
|b nc
|2 rdacarrier
|
| 999 |
|
|
|a MARS
|
| 999 |
f |
f |
|s 18f83fd9-a642-32d3-9b25-b61c57fe34ce
|i 0c6cf5f1-4fcb-3e06-9f85-9bc04e902482
|t 0
|
| 952 |
f |
f |
|p ric
|a Texas A&M University
|b Rellis Campus
|c Joint Library Facility
|d Remote Storage
|t 0
|e PQ2163 .C3 1909
|h Library of Congress classification
|i unmediated -- volume
|m A14801367266
|
| 998 |
f |
f |
|a PQ2163 .C3 1909
|t 0
|l Remote Storage
|